000 01049cad a22002295a 4500
001 E151676
008 101130s2010 xxk f 000 0 eng d
035 _a(Sirsi) u151676
041 0 _aeng
050 0 4 _a333.33 $2 18
110 2 _aJones Lang LaSalle
_93755
245 0 0 _aPulse
_bglobal market perspective, November 2010
_h[electronic resource]
260 _a[S.l.]
_bJones Lang LaSalle
_c2010
490 0 _aPulse
_bGlobal Market Perspective
520 _aLatest issue of this regular bulletin suggests that real estate investment volumes will rise by 25-35% in 2011, compared with 2010. Predicts that Asia Pacific will lead the upturn in leasing markets, followed by Europe and North America.
521 _aAdvanced
590 _aKA NTK
651 4 _aInternational
690 _aPROPERTY-COMMERCIAL PROPERTY-COMMERCIAL PROPERTY MARKET
856 4 0 _uhttps://www.joneslanglasalle.com/MediaResources/Global/GMP/Global-Market-Perspective-November-2010-Final.pdf
_zView the bulletin free of charge at www.joneslanglasalle.com...
942 _n0
999 _c111529
_d111529